| 000 -LEADER |
| fixed length control field |
00758pam a2200217 a 4500 |
| 001 - CONTROL NUMBER |
| control field |
11574 |
| 003 - CONTROL NUMBER IDENTIFIER |
| control field |
BD-DhUAP |
| 005 - DATE AND TIME OF LATEST TRANSACTION |
| control field |
20201222155031.0 |
| 008 - FIXED-LENGTH DATA ELEMENTS--GENERAL INFORMATION |
| fixed length control field |
201222s1993 ii a b 001 0 eng |
| 040 ## - CATALOGING SOURCE |
| Original cataloging agency |
DLC |
| Transcribing agency |
DLC |
| Modifying agency |
BD-DhUAP |
| Language of cataloging |
eng |
| 082 00 - DEWEY DECIMAL CLASSIFICATION NUMBER |
| Classification number |
004.5 ROB |
| Edition number |
23 |
| 100 1# - MAIN ENTRY--PERSONAL NAME |
| Personal name |
Robinson, Phillip. |
| 245 14 - TITLE STATEMENT |
| Title |
The one minute memory manager : |
| Remainder of title |
upgrading and using your PC's memory for faster, more efficient computing / |
| Statement of responsibility, etc. |
Phillip Robinson. |
| 250 ## - EDITION STATEMENT |
| Edition statement |
First Indian editon. |
| 260 ## - PUBLICATION, DISTRIBUTION, ETC. |
| Place of publication, distribution, etc. |
New Delhi : |
| Name of publisher, distributor, etc. |
BPB, |
| Date of publication, distribution, etc. |
c1993. |
| 300 ## - PHYSICAL DESCRIPTION |
| Extent |
xx, 437 pages : |
| Other physical details |
illustrations ; |
| Dimensions |
24 cm. |
| 504 ## - BIBLIOGRAPHY, ETC. NOTE |
| Bibliography, etc. note |
Includes bibliographical references (p. 429-430) and index. |
| 650 #0 - SUBJECT ADDED ENTRY--TOPICAL TERM |
| Topical term or geographic name entry element |
Memory management (Computer science). |
| 650 #0 - SUBJECT ADDED ENTRY--TOPICAL TERM |
| Topical term or geographic name entry element |
Microcomputers |
| General subdivision |
Programming. |
| 942 ## - ADDED ENTRY ELEMENTS (KOHA) |
| Source of classification or shelving scheme |
|
| Koha item type |
Book |